Cambridge History of India, Vol.3, Turks and Afghans (Record no. 2768)

MARC details
000 -LEADER
fixed length control field 00648nam a2200253 a 4500
020 ## - INTERNATIONAL STANDARD BOOK NUMBER
ISBN
082 00 - DEWEY DECIMAL CLASSIFICATION NUMBER
Classification number 954.022
Author Cutter HAI
100 ## - MAIN ENTRY--AUTHOR NAME
Author name Haig, Wolseley
245 ## - TITLE STATEMENT
Title Cambridge History of India, Vol.3, Turks and Afghans
260 ## - PUBLICATION, DISTRIBUTION, ETC. (IMPRINT)
Place of publication Oxford
Name of publisher Oxford University Press
Year of publication 1928
300 ## - PHYSICAL DESCRIPTION
Number of Pages 752p
500 ## - GENERAL NOTE
General note includes index and biblioraphy
505 2# - FORMATTED CONTENTS NOTE
Formatted contents note Index, Ill.
650 ## - SUBJECT ADDED ENTRY--TOPICAL TERM
Topical Term India-History Muslim Period
650 ## - SUBJECT ADDED ENTRY--TOPICAL TERM
Topical Term Sind-History
942 ## - ADDED ENTRY ELEMENTS (KOHA)
Koha item type Books
700 1# -
-- Haig, Wolseley
Holdings
Collection code Home library Current library Date acquired Cost, normal purchase price Full call number Accession Number Koha item type
  Henry Martyn Institute Library Henry Martyn Institute Library 05/24/2005 0.00 954.022 HAI 01953 Books
                   Copyright © 2026 | Henry Martyn Institute | Hyderabad | TS-500052 | INDIA | Implemented by hmi.edu.in
Hit-Count:

Powered by Koha